Acusación constitucional contra el último ministerio del presidente de la república Don José Manuel Balmaceda, 1891-1893
Αποθηκεύτηκε σε:
| Κύριος συγγραφέας: | |
|---|---|
| Άλλοι συγγραφείς: | |
| Μορφή: | Βιβλίο |
| Έκδοση: |
Santiago, Chile:
Dibam; Universidad Jesuita Alberto Hurtado; Centro de Investigaciones Diego Barros Arana,
2003.
|
| Σειρά: | Fuentes para la Historia de la República,
Volumen XXIII. |
| Θέματα: | |
| Ετικέτες: |
Προσθήκη ετικέτας
Δεν υπάρχουν, Καταχωρήστε ετικέτα πρώτοι!
|
MARC
| LEADER | 00000nam a22000007a 4500 | ||
|---|---|---|---|
| 003 | CL-VaPUC | ||
| 005 | 20220822114823.0 | ||
| 008 | 220805t2003 ||||| |||| 00| 0 eng d | ||
| 999 | |c 438025 |d 438023 | ||
| 020 | |a 956-244-001-X (colección) | ||
| 020 | |a 956-244-164-4 (título) | ||
| 040 | |c Pontificia Universidad Católica de Valparaíso | ||
| 082 | 0 | 4 | |a 342.83088 LOV 2003 |2 21 |
| 100 | |a Loveman, Brian |e selección |e interpretación |9 576386 | ||
| 245 | |a Acusación constitucional contra el último ministerio del presidente de la república Don José Manuel Balmaceda, 1891-1893 | ||
| 260 | |a Santiago, Chile: |b Dibam; |b Universidad Jesuita Alberto Hurtado; |b Centro de Investigaciones Diego Barros Arana, |c 2003. | ||
| 300 | |a 536 páginas. | ||
| 490 | 0 | |a Fuentes para la Historia de la República, |v Volumen XXIII. | |
| 500 | |a c.1 Donación Familia Prof. Alejandro Guzmán Brito. | ||
| 583 | |a last modification |c 20030801 00:00:00 |k Cristina María Rojas Aguilar | ||
| 600 | 0 | |a Balmaceda Fernández, José Manuel, |9 315369 |d 1840-1891 | |
| 650 | |a Gabinetes |z Chile |x Juicios y litigios |9 874912 | ||
| 651 | |a Chile |x Política y gobierno |y 1824-1920 |9 874913 | ||
| 700 | |a Lira Kornfeld, Elizabeth |e selección |e interpretación |9 621801 | ||
| 942 | |c BK |2 ddc |n 0 | ||
| 952 | |0 0 |1 0 |2 ddc |4 0 |6 342_830880000000000_LOV_2003 |7 1 |8 C_AGB |9 585896 |a BIBDER |b BIBDER |d 2022-08-05 |e Donación |i 5653816 |o 342.83088 LOV 2003 |p 5653816 |r 2023-01-25 |t 1 |w 2022-08-05 |y BK_US |k AGB | ||